| 000 | 00830cam a2200241 4500 | ||
|---|---|---|---|
| 008 | 090401t1997 xxu||||| |||| 00| 0 eng d | ||
| 020 | _a1900858185 | ||
| 035 | _a(Sirsi) u83040 | ||
| 041 | _aeng | ||
| 050 | _a690.24 | ||
| 110 |
_aBuilding Maintenance Information _93229 |
||
| 245 | 4 | _aThe economic significance of maintenance: maintenance expenditure 1980-1996. | |
| 260 |
_aLondon _bBMI _c1997 |
||
| 300 | _a12p. ; 30cm. | ||
| 350 | _a0 | ||
| 490 |
_aSerial _v264 |
||
| 490 | _aBMI Special Report | ||
| 520 | _aSUBSCRIPTION SERVICE - NOT FOR LOAN OR PHOTOCOPYING. No part of this itme can be read out over the phone. Please contact BMI direct on 0171-222-7000 for details. | ||
| 650 | _aMAINTENANCE EXPENDITURE | ||
| 690 | _aBUILDING AND CONSTRUCTION-REPAIRS AND MAINTENANCE | ||
| 942 | _n0 | ||
| 948 | _c09/01/1998 | ||
| 999 |
_c96856 _d96856 |
||